000 00973nam a22002537a 4500
999 _c17219
_d17219
005 20201223115203.0
008 081024t xxu||||| |||| 00| 0 hin d
010 _aB-281502 G-002727
020 _a8188090328
_c150.00
035 _aB-281502,B-243948
035 _aG-002727
035 _aB-317850
035 _aB-243939
037 _bआत्माराम
040 _adpl
_bhn
082 _a 921
100 _a मुकेश नादान
245 _aमहानायक ए.पी.जे.अब्दुल कलाम
_cमुकेश नादान
260 _aदिल्ली
_bआत्माराम एडं संस
_c2007 2008
270 _a1376,कश्मीरी-गेट
_bदिल्ली
_e110006
_k011-23946466, 23973082
300 _a120पृ
_c22सेमी (सजिल्द)
942 _2ddc
_cCH
_h 921
_m मुकेश